La sociedad civil no es un cuento : no necesitamos cualquier cultura : necesitamos una cultura basada en una alianza inexpugnable de producción, trabajo y solidaridad /

Shranjeno v:
Bibliografske podrobnosti
Glavni avtor: Heras, José María Las (autor)
Format: Knjiga
Jezik:španščina
Izdano: Buenos Aires, Argentina : Macchi, 2003, c2003
Teme:
Oznake: Označite
Brez oznak, prvi označite!

MARC

LEADER 00000nam^a2200000^a^4500
001 000154691
005 20250521000000.0
009 20260310100401.634
020 |a 950-537-593-X 
037 |a Acervo ITESO - Biblioteca 
041 |a ESP 
082 |a 330. 982  |b HER 
100 |a Heras, José María Las  |e (autor) 
245 1 3 |a La sociedad civil no es un cuento :  |b no necesitamos cualquier cultura : necesitamos una cultura basada en una alianza inexpugnable de producción, trabajo y solidaridad /  |c J.M. Las Heras ; pról. de Juan José Guaresti. 
264 4 |a Buenos Aires, Argentina :  |b Macchi,  |c 2003, c2003 
300 |a XI, 243 p. 
336 |a texto  |b txt  |2 rdacontenido 
337 |a sin mediación  |b n  |2 rdamedio 
338 |a volumen  |b nc  |2 rdasoporte 
649 |a XX 
650 |a Desarrollo Económico-Social -  |z Argentina 
650 |a Deuda -  |z Argentina 
650 |a Productividad -  |z Argentina 
650 |a Empleo y Desempleo -  |z Argentina 
650 |a Educación Humanística -  |z Argentina 
650 |a Movilidad Social -  |z Argentina 
650 |a Marginación -  |z Argentina 
650 |a Cultura -  |z Argentina 
650 |a Sector Privado -  |z Argentina 
650 |a Sociedad Civil -  |z Argentina 
650 |a Desarrollo Económico-Social -  |z Argentina 
650 |a Democracia -  |z Argentina 
650 |a Argentina -  |x Condiciones Sociales y Culturales 
650 |a Argentina -  |x Condiciones Políticas 
650 |a Argentina -  |x Condiciones Económicas 
910 |a Fondo General 
920 |a Impresos - Libros 
930 |a Colección General 
905 |a 101 
901 |a 0500086665  |b IT1  |c ACC  |u 20250521 
902 |a https://opac.biblio.iteso.mx/vufind/Record/000154691